Biggest Trading Partners - Bulgaria - Statistics

General Stats
  • This quiz has been taken 55 times
  • The average score is 26 of 30
Answer Stats
Exports Country % Correct
1.83 bil Germany
100%
3.33 bil Germany
100%
0.29 bil United States
100%
0.53 bil United States
100%
0.36 bil United Kingdom
98%
0.79 bil France
96%
0.94 bil France
96%
0.52 bil Russia
96%
6.35 bil Russia
96%
1.86 bil Turkey
96%
1.74 bil Turkey
96%
1.73 bil Greece
94%
1.37 bil Greece
94%
1.40 bil Romania
94%
1.58 bil Romania
94%
0.43 bil Spain
94%
1.60 bil China
92%
1.69 bil Italy
91%
2.30 bil Italy
91%
0.36 bil Poland
91%
0.59 bil Poland
91%
1.18 bil Ukraine
89%
0.25 bil Netherlands
87%
0.38 bil Austria
85%
0.61 bil Austria
85%
1.26 bil Belgium
85%
0.61 bil Hungary
79%
0.50 bil Czechia
74%
0.62 bil Kazakhstan
32%
0.27 bil Singapore
19%
No matching quizzes found
Score Distribution
Percent of People with Each Score
Percentile by Number Answered
Your Score History
You have not taken this quiz